Quiz sul 67 - Statistics

Statistiche generali
  • Questo quiz è stato fatto 36 volte
  • Il punteggio medio è 3 su 9
Statistiche sulle risposte
Domande Risposte % Corretto
Quanto fa 6+7 67
93%
é un brainrot? Si
62%
Come si scrive a parola six seven
48%
di che colore è il 67 blu
31%
secondo nome di Maverich Trevilian 67 kid
7%
Creatore del 67 Maverich Trevilian
7%
in quanti lo odiano +1000
3%
con che gioco ha fatto collaborazione il 67 Clash royale
3%
A cosa serve per prendere in giro chi vuoi
0%
Nessun quiz corrispondente trovato
Distribuzione punteggi
Percentuale di utenti per punteggio
Percentile per numero di risposta
I tuoi punteggi nel tempo
Non hai fatto questo quiz